Empúries
Uloženo v:
| Hlavní autoři: | , , , |
|---|---|
| Médium: | Kniha |
| Jazyk: | španělština |
| Vydáno: |
Tarragona
Ediciones El Medol
2000
|
| Vydání: | 1a. ed |
| Edice: | Guías del Museu d'Arqueologia de Catalunya
|
| Témata: | |
| Tagy: |
Přidat tag
Žádné tagy, Buďte první, kdo vytvoří štítek k tomuto záznamu!
|
MARC
| LEADER | 00000cam a2200000 a 4500 | ||
|---|---|---|---|
| 001 | UCD9224 | ||
| 003 | CL-VaPUC | ||
| 008 | 170609e20000000sp |||||||||||||||||spa|d | ||
| 020 | |a 8489936722 | ||
| 082 | 0 | 4 | |a 930.3 |b AQU |2 21 |
| 100 | 0 | |a Aquilué Abadías, Xavier |e author |9 592929 | |
| 700 | 0 | |a Castanyer Masoliver, Pere |e author |9 592930 | |
| 700 | 0 | |a Santos Retolaza, Marta |e author |9 592931 | |
| 700 | 0 | |a Tremoleda Trilla, Joaquim |e author |9 592932 | |
| 245 | 1 | 0 | |a Empúries |
| 250 | |a 1a. ed | ||
| 300 | |a 135 p | ||
| 942 | |c BK | ||
| 945 | |d 20170609 16:51:00 |a dcastane | ||
| 260 | |a Tarragona |b Ediciones El Medol |c 2000 | ||
| 650 | 0 | |a Arqueología romana |9 322709 | |
| 650 | 7 | |a EXCAVACIONES ARQUEOLOGICAS |2 CL-VaPUC |9 310948 | |
| 651 | 7 | |a AMPURIAS |2 CL-VaPUC |9 443296 | |
| 583 | |a last modification |c 20170609 16:51:00 |k Rodrigo Vera | ||
| 490 | 0 | |a Guías del Museu d'Arqueologia de Catalunya | |
| 999 | |c 368478 |d 368476 | ||
| 952 | |0 0 |1 0 |3 erb |4 0 |6 930_300000000000000_AQU_2000 |7 0 |8 A |9 483811 |a FDOLAF |b FDOLAF |e Laffi, Umberto, 1939- |i 5396840 |o 930.3 AQU 2000 |p 5396840 |r 2024-01-30 |w 2019-11-24 |y BK |z Catalogado en:20170609 |k LAF | ||